[Event "GER-chT U14"]
[Site "Verden"]
[Date "2008.12.29"]
[Round "5.2"]
[White "Tautz, Jonas"]
[Black "Reisberg, Andre"]
[Result "0-1"]
[WhiteElo "1446"]
[BlackElo "1346"]
[PlyCount "72"]
[EventDate "2008.12.27"]
[EventType "team-swiss"]
[EventRounds "7"]
[EventCountry "GER"]
[SourceTitle "EXT 2010"]
[Source "ChessBase"]
[SourceDate "2010.11.25"]
[SourceVersion "1"]
[SourceVersionDate "2010.11.25"]
[SourceQuality "1"]
[WhiteTeam "Gruendau"]
[BlackTeam "Dortmund Brackel"]
[WhiteTeamCountry "GER"]
[BlackTeamCountry "GER"]

1. e4 e6 2. d4 d5 3. exd5 exd5 4. Bd3 Bd6 5. Ne2 Be6 6. Bf4 Nf6 7. 0-0 0-0 8. Nbc3 c6 9. Qd2 Re8 10. Rfe1 Qc7 11. Bxd6 Qxd6 12. Ng3 Nbd7 13. Rad1 Nf8 14. Na4 b6 15. Nc3 Ng6 16. Nf5 Qc7 17. Qg5 h6 18. Qe3 Qd7 19. Nh4 Nh5 20. Qf3 Bg4 21. Bf5 Bxf3 22. Bxd7 Rxe1+ 23. Rxe1 Nxh4 24. Bxc6 Rc8 25. Bxd5 Bxd5 26. Nxd5 Rxc2 27. Rb1 Rd2 28. Ne7+ Kh7 29. d5 Nf4 30. g3 Nf3+ 31. Kf1 Nxd5 32. Nxd5 Rxd5 33. Kg2 Ne5 34. Rc1 Rd7 35. f4 Nd3 36. Rd1 Nxf4+ 0-1

[Event "GER-chT U14"]
[Site "Verden"]
[Date "2008.12.27"]
[Round "2.2"]
[White "Bach, Jannik"]
[Black "Tautz, Jonas"]
[Result "0-1"]
[WhiteElo "1596"]
[BlackElo "1446"]
[PlyCount "153"]
[EventDate "2008.12.27"]
[EventType "team-swiss"]
[EventRounds "7"]
[EventCountry "GER"]
[SourceTitle "EXT 2010"]
[Source "ChessBase"]
[SourceDate "2010.11.25"]
[SourceVersion "1"]
[SourceVersionDate "2010.11.25"]
[SourceQuality "1"]
[WhiteTeam "Hagen"]
[BlackTeam "Gruendau"]
[WhiteTeamCountry "GER"]
[BlackTeamCountry "GER"]

1. d4 Nf6 2. Bf4 g6 3. f3 Bg7 4. Nc3 0-0 5. Qd2 d6 6. 0-0-0 Re8 7. g4 Nc6 8. h4 e5 9. dxe5 dxe5 10. Qxd8 Nxd8 11. Bxe5 Rxe5 12. Rxd8+ Re8 13. Rxe8+ Nxe8 14. e4 Be6 15. Bd3 Bxc3 16. bxc3 Bxa2 17. c4 Nd6 18. c5 Ne8 19. Ne2 Be6 20. Nd4 Bd7 21. Kb2 Ng7 22. Bc4 Kf8 23. Ra1 Ke7 24. Bd5 c6 25. Bc4 Kf6 26. Ra3 a5 27. Rb3 Ra7 28. Ra3 Ne8 29. Nb3 a4 30. Nd4 Nc7 31. c3 Ra5 32. Bd3 Ne6 33. Nxe6 Bxe6 34. Bc2 Rb5+ 35. Kc1 Rxc5 36. Bxa4 Ra5 37. Kb2 Ke5 38. Ra1 b5 39. Bd1 Rxa1 40. Kxa1 Kf4 41. Kb2 h5 42. gxh5 gxh5 43. Ka3 c5 44. e5 Kg3 45. f4 Kxh4 46. Be2 Bc4 47. Bd1 Be6 48. Be2 Bc4 49. Bd1 Be6 50. Be2 Bg4 51. Bxb5 Kg3 52. Be8 Kxf4 53. Bxf7 Kxe5 54. Bc4 Bh3 55. Be2 h4 56. Kb3 Bg2 57. Bg4 h3 58. Bxh3 Bxh3 59. Kc4 Kd6 60. Kb5 Kd5 61. Kb6 c4 62. Kb5 Bf1 63. Kb4 Ke4 64. Ka3 Kd3 65. Kb2 Bh3 66. Kb1 Kxc3 67. Kc1 Bf5 68. Kd1 Kb2 69. Kd2 c3+ 70. Ke3 c2 71. Kf4 c1Q+ 72. Kxf5 Qe3 73. Kf6 Qe4 74. Kg5 Qf3 75. Kh6 Qg4 76. Kh7 Qf5+ 77. Kh8 0-1

[Event "GER-chT U14"]
[Site "Verden"]
[Date "2008.12.27"]
[Round "1.2"]
[White "Tautz, Jonas"]
[Black "Schwind, Janek"]
[Result "0-1"]
[WhiteElo "1446"]
[BlackElo "1723"]
[PlyCount "154"]
[EventDate "2008.12.27"]
[EventType "team-swiss"]
[EventRounds "7"]
[EventCountry "GER"]
[SourceTitle "EXT 2010"]
[Source "ChessBase"]
[SourceDate "2010.11.25"]
[SourceVersion "1"]
[SourceVersionDate "2010.11.25"]
[SourceQuality "1"]
[WhiteTeam "Gruendau"]
[BlackTeam "Mainaschaff"]
[WhiteTeamCountry "GER"]
[BlackTeamCountry "GER"]

1. e4 d5 2. exd5 Qxd5 3. Nc3 Qa5 4. d4 c6 5. Bd2 Nf6 6. Nf3 Bf5 7. Ne4 Qc7 8. Nxf6+ gxf6 9. Nh4 Bg6 10. Nxg6 hxg6 11. h3 Nd7 12. Bc4 Nb6 13. Bb3 Rh7 14. Qf3 0-0-0 15. c3 Qd6 16. Bf4 e5 17. Bg3 Qe7 18. 0-0-0 Bh6+ 19. Kb1 Rhh8 20. dxe5 f5 21. Rxd8+ Rxd8 22. Rd1 Nd7 23. Qd3 f4 24. Bh2 Nxe5 25. Qxd8+ Qxd8 26. Rxd8+ Kxd8 27. Kc2 Ke7 28. f3 g5 29. Bg1 b6 30. Kd2 c5 31. Bd5 Kd6 32. Be4 Ke6 33. b4 f5 34. Bb1 c4 35. a4 Nc6 36. Ba2 Kd5 37. Bb1 Ne7 38. a5 Kc6 39. Ba2 Kb5 40. axb6 axb6 41. Bd4 Nd5 42. Ke2 Bf8 43. Bb1 Ne7 44. Bf6 Nd5 45. Bd4 Ne7 46. Kd2 Bh6 47. Bc2 Kc6 48. Ke2 Kb5 49. Kf2 Kc6 50. g3 fxg3+ 51. Kxg3 b5 52. h4 gxh4+ 53. Kxh4 Bd2 54. Kg3 Nd5 55. Bxf5 Bxc3 56. Bxc3 Nxc3 57. Kf2 Na2 58. Be4+ Kd6 59. Ke2 Nxb4 60. Kd2 Nd5 61. Kc2 Nf4 62. Kc3 Kc5 63. Bf5 b4+ 64. Kc2 b3+ 65. Kc3 Nd5+ 66. Kb2 Kb4 67. Be4 c3+ 68. Kb1 Ne3 69. f4 Nc4 70. Ka1 b2+ 71. Kb1 Kb3 72. Bc2+ Ka3 73. Bd3 Nd2+ 74. Kc2 b1Q+ 75. Kxc3 Qb4+ 76. Kc2 Qb2+ 77. Kd1 Nf3 0-1